Responses for show #7594 - Thursday, September 21, 2017

Contestants

[<< previous game]

Diane Esemplare, an engineer from Riverdale, New Jersey

Thom Page, an OB/GYN doctor from Auburn, Maine

Betsy Knudson, an attorney from Salt Lake City, Utah (whose 2-day cash winnings total $38,601)

[next game >>]

Jeopardy! Round responses

THE WORLD FACTBOOK SAYS...
THE COLORS OF MUSIC
OTHER HOLIDAYS & OBSERVANCES
"D" IN AMERICAN HISTORY
EXERCISE
SPEAKING GERMAN
    $200 16
New Zealand

Thom
    $200 2
"Brown Eyed Girl"

Thom
    $200 7
Evolution Day

Diane
    $200 1
a department store

Diane
    $200 23
the core

Betsy
    $200 17
guten

Thom
    $400 22
(Thom: What is Kiev?)
(Betsy: What is Moscow?)

the Ukraine

BetsyThomDiane
    $400 3
"Pink Houses"

Thom
    $400 8
spilled milk

Betsy
    $400 12
the Dust Bowl

Betsy
    $400 27
isometric

Thom
    $400 18
"Danke Schoen"

Diane
    $600 24
Indonesia

Thom
    $600 4
red

Diane
    $600 9
bald

Betsy
    $600 13
(Diane: What is day rationing?)

Daylight Saving Time

Diane
Triple Stumper
    $600 28
(Diane: What is the level of difficulty?)

resistance

BetsyDiane
    $600 19
thunder and lightning

Diane
    $800 25
(Betsy: What is Iraq?)

Kuwait

BetsyDiane
    $800 5
"Orange Crush"

Diane
    $800 10
zucchini

Betsy
    $800 14
Death Valley

Diane
    $800 29
pronation

Thom
    $800 20
happy Easter

Betsy
    $1000 26
Angola

Diane
    $1000 6
gold

Betsy
    $1000 11
National Limerick Day

Triple Stumper
    $1000 15
the Dixiecrats

Betsy
    $1000 30
bone density loss

Diane
    $1,000 21
Fledermaus

Betsy

Scores at the first commercial break (after clue 15):

Betsy Thom Diane
$4,200 $600 $2,000

Scores at the end of the Jeopardy! Round:

Betsy Thom Diane
$5,600 $2,400 $5,600

Double Jeopardy! Round responses

WE NEED TO TALK ABOUT KELVIN
ONE-NAMED AUTHORS
OPUS DAY
NOT THEIR FIRST RODEO
DRAMATIC TV DRAMA!
SEE "SPAN"
    $400 6
(Diane: What is Edinburgh?)

Glasgow

BetsyDiane
    $400 7
Smurfs

Diane
    $400 1
Faust

Thom
    $400 9
a prison

Betsy
    $400 12
House of Cards

Triple Stumper
    $800 8
absolute zero

Thom
    $800 10
Le Misanthrope

Diane
    $800 2
macabre

Thom
    $800 19
Alberta

Thom
    $800 13
(Thom: What is Breaking Bad?)

Bryan Cranston

BetsyThom
    $800 24
spandex

Betsy
    $1200 27
(Diane: What is a phone line?)
(Alex: No.)
(Diane: Cable? Cable? What is a cable?)
[Originally ruled as spoken after Alex's ruling; assessed as spoken before Alex's ruling before Final Jeopardy!]
(Betsy: What is a telephone cable?)
[Originally penalized; penalty removed after the ruling on Diane's response was reversed]
...
[The end-of-round signal sounds.]

telegraph cable

Diane
    $1200 11
Ovid

Triple Stumper
    $1200 3
Handel

Thom
    $1200 20
(Thom: What is Cody?)

Cheyenne

BetsyThom
    $1,000 16
Sleepy Hollow

Betsy
    $1200 23
the Spanish armada

Triple Stumper
    $1600 14
Colette

Diane
    $1600 4
(Thom: Dvorak symphony? What is the Dvorak symphony?)
(Alex: You have to be more specific than that.)
(Thom: What is the First World Symphony? First World...)

Symphony "From the New World"

Thom
Triple Stumper
    $1600 21
Australia

Thom
    $1600 17
The Young Pope

Betsy
    $1600 25
a spanner

Diane
    $2000 15
Sufiism

Betsy
    $2000 5
the Italian Symphony

Thom
    $2000 22
(Alex: With less than a minute to go now.)

Pendleton

Betsy
    $2000 18
Westworld

Betsy
    $2000 26
spanakopita

Diane

Scores at the end of the Double Jeopardy! Round:

Betsy Thom Diane
$17,800 $6,400 $12,800

[wagering suggestions for these scores]

Final Jeopardy! Round responses

COMIC BOOKS
(Alex: [To Thom] That was one of the choices they had, but they didn't settle on the Badger.)
ThomWhat is The Badger
$5,000
DianeWhat is weasel?
$12,000
BetsyWhat is a Wolverine?
$5,001
Wolverine

Final scores:

Betsy Thom Diane
$22,801 $1,400 $800
3-day champion: $61,402 2nd place: $2,000 3rd place: $1,000

Game dynamics:

Coryat scores:

Betsy Thom Diane
$18,000 $6,400 $12,800
20 R
(including 2 DDs),
2 W
14 R,
4 W
17 R,
3 W

Combined Coryat: $37,200

The J! Archive is created by fans, for fans. The Jeopardy! game show and all elements thereof, including but not limited to copyright and trademark thereto, are the property of Jeopardy Productions, Inc. and are protected under law. This website is not affiliated with, sponsored by, or operated by Jeopardy Productions, Inc. Join the discussion at JBoard.tv.